<?xml version="1.0" encoding="UTF-8"?>
<record
    xmlns:xsi="http://www.w3.org/2001/XMLSchema-instance"
    xsi:schemaLocation="http://www.loc.gov/MARC21/slim http://www.loc.gov/standards/marcxml/schema/MARC21slim.xsd"
    xmlns="http://www.loc.gov/MARC21/slim">

  <leader>03110nam a22001817a 4500</leader>
  <controlfield tag="003">NUST</controlfield>
  <controlfield tag="005">20260127102321.0</controlfield>
  <datafield tag="082" ind1=" " ind2=" ">
    <subfield code="a">005.1,ZAB</subfield>
  </datafield>
  <datafield tag="100" ind1=" " ind2=" ">
    <subfield code="a">Zabeehullah</subfield>
    <subfield code="9">132928</subfield>
  </datafield>
  <datafield tag="245" ind1=" " ind2=" ">
    <subfield code="a">Deep Learning Applications in SDN-Enabled Internet of Things /</subfield>
    <subfield code="c">Zabeehullah</subfield>
  </datafield>
  <datafield tag="260" ind1=" " ind2=" ">
    <subfield code="a">Rawalpindi,</subfield>
    <subfield code="b">MCS (NUST),</subfield>
    <subfield code="c">2025</subfield>
  </datafield>
  <datafield tag="300" ind1=" " ind2=" ">
    <subfield code="a">xx, 167 p</subfield>
  </datafield>
  <datafield tag="505" ind1=" " ind2=" ">
    <subfield code="a">The rapid expansion of the Internet of Things (IoT) has led to an unprecedented surge
in the number of connected devices, generating vast amounts of imbalance data and demanding
sophisticated management solutions. Traditional network architectures struggle
to cope with the dynamic and heterogeneous nature of IoT environments. Software
Defined Networking (SDN) emerges as a powerful paradigm to address these challenges
by decoupling the control plane from the data plane. Deep Learning (DL), a subset of
Machine Learning (ML), has demonstrated remarkable capabilities in processing and
analyzing large-scale data, positioning it as a powerful tool for improving SDN-IoT
systems. Researchers have made significant efforts to address SDN-IoT challenges by
applying ML and DL techniques. This thesis investigates the synergistic integration
of DL techniques within SDN-IoT frameworks. The primary objective is to develop
innovative DL-driven solutions that optimize network management, enhance security,
and improve overall system performance in IoT ecosystems. The first proposed method
employs a Generative Adversarial Network (GAN) model to accurately detect and classify
minor class attacks, achieving impressive accuracy and F1-score values of 94.44%
and 92.55%, respectively. The second technique utilizes a Deep Reinforcement Learning
(DRL) model in the SDN-IoT environment to achieve secure routing optimization. It is
evaluated using three benchmark metrics: throughput, latency, and the probability of
avoiding malicious nodes. This method demonstrated superior throughput and latency
performance compared to existing approaches in the literature.
This thesis makes several key contributions to the field of IoT networking. Firstly, it
provides a comprehensive analysis of the potential of DL to address critical challenges
in SDN-enabled IoT environments. Secondly, it introduces novel DL models tailored
for specific IoT applications, showcasing their effectiveness through extensive evaluations.
Thirdly, it highlights the importance of interdisciplinary approaches, combining advancements in networking and Artificial Intelligence (AI) to drive innovation in IoT
systems. Future research directions include exploring the integration of other emerging
technologies, such as Federated Learning and Blockchain, with DL and SDN-IoT
frameworks. Additionally, investigating the scalability of DL models in large-scale IoT
deployments and their adaptability to new and evolving network conditions remains a
promising area for further exploration.</subfield>
  </datafield>
  <datafield tag="650" ind1=" " ind2=" ">
    <subfield code="a">PhD Computer Software Engineering Thesis</subfield>
    <subfield code="9">132801</subfield>
  </datafield>
  <datafield tag="651" ind1=" " ind2=" ">
    <subfield code="a">PhD CSE Thesis</subfield>
    <subfield code="9">132802</subfield>
  </datafield>
  <datafield tag="700" ind1=" " ind2=" ">
    <subfield code="a">Supervised by Dr. Fahim Arif</subfield>
    <subfield code="9">132700</subfield>
  </datafield>
  <datafield tag="942" ind1=" " ind2=" ">
    <subfield code="2">ddc</subfield>
    <subfield code="c">THE</subfield>
  </datafield>
  <datafield tag="999" ind1=" " ind2=" ">
    <subfield code="c">615953</subfield>
    <subfield code="d">615953</subfield>
  </datafield>
  <datafield tag="952" ind1=" " ind2=" ">
    <subfield code="0">0</subfield>
    <subfield code="1">0</subfield>
    <subfield code="2">ddc</subfield>
    <subfield code="4">0</subfield>
    <subfield code="7">0</subfield>
    <subfield code="a">MCS</subfield>
    <subfield code="b">MCS</subfield>
    <subfield code="c">THE</subfield>
    <subfield code="d">2026-01-27</subfield>
    <subfield code="l">0</subfield>
    <subfield code="o">005.1,ZAB</subfield>
    <subfield code="p">MCSPhD CSE-25</subfield>
    <subfield code="r">2026-01-27</subfield>
    <subfield code="w">2026-01-27</subfield>
    <subfield code="y">THE</subfield>
    <subfield code="z">Almirah No.68, Shelf No.6</subfield>
  </datafield>
</record>
